| LEADER |
00848nam0a2200205 450 |
| 001 |
16824018 |
| 010 |
|
|
|a 979-10-235-0494-1
|b br.
|d 14,5
|
| 100 |
|
|
|a 20160215d2026 u u0frey01 ba
|
| 101 |
1 |
|
|a fre
|c eng
|
| 102 |
|
|
|a FR
|
| 200 |
0 |
|
|a Parents à la carte
|e choisis la famille de tes rêves
|f David Baddiel
|g illustré par Jim Field - traduit de l'anglais par Rosalind Elland-Goldsmith - illustré par Jim Field - traduit de l'anglais par Rosalind Elland-Goldsmith
|
| 207 |
|
1 |
|a
|
| 210 |
|
|
|a Paris
|b 27 rue Jacob.
|c Seuil
|d DL 2016
|
| 215 |
|
|
|a 1 vol. (328 p.)
|c ill.
|d 22 cm
|
| 700 |
|
0 |
|a Baddiel
|b David
|4 70
|
| 702 |
|
0 |
|a Field
|b Jim
|4 440
|
| 702 |
|
0 |
|a Elland-Goldsmith
|b Rosalind
|f 1980 -....
|4 730
|
| 900 |
|
|
|a Roman enfant
|
| 901 |
|
|
|a Accessible au prêt
|
| 995 |
|
|
|a Bibliothèque
|c Bibliothèque
|f 024016907
|h 024016907
|k E C3 BAD
|o p
|q j
|r az
|e Bibliothèque
|